Teach yourself mechanical draughtsmanship. (Record no. 544563)
[ view plain ]
| 000 -LEADER | |
|---|---|
| fixed length control field | 00464cam a22001571 4500 |
| 082 ## - DEWEY DECIMAL CLASSIFICATION NUMBER | |
| Classification number | 604.2 |
| Author Mark | HOO |
| -- | L-12, P-47 |
| 100 1# - MAIN ENTRY--PERSONAL NAME | |
| Personal name | Hood, S. M. |
| 9 (RLIN) | 40219 |
| 245 10 - TITLE STATEMENT | |
| Title | Teach yourself mechanical draughtsmanship. |
| 260 ## - PUBLICATION, DISTRIBUTION, ETC. | |
| Place of publication, distribution, etc. | London, |
| Name of publisher, distributor, etc. | English Universities Press |
| Date of publication, distribution, etc. | [1952] |
| 300 ## - PHYSICAL DESCRIPTION | |
| Extent | 183 p. |
| Other physical details | illus. |
| Dimensions | 18 cm. |
| 490 0# - SERIES STATEMENT | |
| Series statement | The Teach yourself books |
| 526 ## - STUDY PROGRAM INFORMATION NOTE | |
| Program name | 0 |
| Interest level | 0 |
| Reading level | 0 |
| Title point value | 604_200000000000000_HOO |
| 650 #0 - SUBJECT ADDED ENTRY--TOPICAL TERM | |
| Topical term or geographic name entry element | MCE |
| 9 (RLIN) | 379 |
| 650 #0 - SUBJECT ADDED ENTRY--TOPICAL TERM | |
| Topical term or geographic name entry element | Mechanical drawing. |
| 942 ## - ADDED ENTRY ELEMENTS (KOHA) | |
| Source of classification or shelving scheme | |
| Koha item type | Book |
| Withdrawn status | Lost status | Source of classification or shelving scheme | Damaged status | Not for loan | Permanent Location | Current Location | Date acquired | Total Checkouts | Full call number | Barcode | Date last seen | Date last checked out | Price effective from | Koha item type |
|---|---|---|---|---|---|---|---|---|---|---|---|---|---|---|
| Military College of Engineering (MCE) | Military College of Engineering (MCE) | 05/08/2014 | 2 | 604.2 HOO | MCE-2323 | 01/28/2016 | 12/08/2015 | 05/08/2014 | Book |
